| 000 | 00589nam a22002057a 4500 | ||
|---|---|---|---|
| 003 | URS | ||
| 005 | 20220117095941.0 | ||
| 008 | 190201b ||||| |||| 00| 0 eng d | ||
| 040 |
_bEnglish _cURS _erda |
||
| 050 |
_aLB875 _b.D885 1999 |
||
| 100 |
_aDuka, Cecilio D., _eauthor. |
||
| 245 |
_aPhilosophy of Education / _cCecilio D. Duka. |
||
| 260 |
_aManila : _bREX Book Store, _c©1999. |
||
| 300 |
_a142 pages ; _c22 cm |
||
| 336 |
_atext _btxt _2rdacontent |
||
| 337 |
_aunmediated _bn _2rdamedia |
||
| 338 |
_avolume _bnc _2rdacarrier |
||
| 650 | 0 |
_aEducation _vPhilosophy. |
|
| 942 |
_2lcc _cF |
||
| 999 |
_c10470 _d10470 |
||